Wrestlers by Picture 31: Masked Wrestlers 1 - Statistics

General Stats
  • This quiz has been taken 53 times
  • The average score is 9 of 16
Answer Stats
Picture Answer % Correct
Rey Mysterio Jr.
96%
El Generico
76%
Shark Boy
72%
Ultimo Dragon
72%
La Parka
65%
Jushin Liger
63%
Mistico
63%
Juventud Guerrera
54%
Samuray Del Sol
52%
Psicosis
50%
Tiger Mask
50%
Dragon Lee
41%
El Santo
41%
Mil Mascaras
41%
Blue Demon
35%
The Great Sasuke
30%
No matching quizzes found
Score Distribution
Percent of People with Each Score
Percentile by Number Answered
Your Score History
You have not taken this quiz